| 000 | 00468nam a2200169 i 4500 | ||
|---|---|---|---|
| 001 | 42000 | ||
| 003 | ES-MaACL | ||
| 005 | 20230906160529.0 | ||
| 007 | t| | ||
| 008 | 030312s1955 sp ||||1| spa d | ||
| 100 | 1 |
_aCasas-Mercadé, Ferrán. _936228 |
|
| 245 | 1 | 0 |
_aEntre la vida y al ley / _cFerrán Casas-Mercadé. |
| 250 | _a[1ª ed.]. | ||
| 260 |
_aBarcelona : _bBosch, _c1955 ( _fClarasó) |
||
| 300 |
_a325 p. ; _c21 cm. |
||
| 852 |
_aES-MaACL _jC-10393 _bR.37107 |
||
| 999 |
_c42000 _d42000 |
||